| 000 | 00681nam a22002057a 4500 | ||
|---|---|---|---|
| 010 | _aA-596996 | ||
| 035 | _aA-596996 | ||
| 037 | _bCen Lib / Ret | ||
| 040 |
_aDPL _bEN |
||
| 082 |
_a363.731 _bIND |
||
| 100 | _aChadha, Ajanta | ||
| 245 |
_aIndustrial pollution and plants / _cby Ajanta Chadha [and] S. N. Pandey |
||
| 260 |
_aNew Delhi _bAshish Publishing House |
||
| 270 |
_a8/81, Punjabi Bagh _bNew Delhi _e110026 |
||
| 300 |
_a(v 1. 227 ; v 2. 316) _b24cm(Hb) |
||
| 650 | _aPlants -- Effect of pollution on -- India. | ||
| 650 | _aLemna paucicostata -- Effect of pollution on -- India. | ||
| 700 | _aPandey, S. N. | ||
| 942 |
_2ddc _cEN _h363.731 _mIND |
||
| 999 |
_c136698 _d136698 |
||